<?xml version="1.0" encoding="UTF-8"?>
<collection xmlns="http://www.loc.gov/MARC21/slim">
    <record>
        <controlfield tag="001">75170</controlfield>
        <controlfield tag="005">20180927145444.0</controlfield>
        <datafield tag="037" ind1=" " ind2=" ">
            <subfield code="a">TAZ-TFG-2018-1651</subfield>
        </datafield>
        <datafield tag="041" ind1=" " ind2=" ">
            <subfield code="a">spa</subfield>
        </datafield>
        <datafield tag="100" ind1="1" ind2=" ">
            <subfield code="a">Stewart Canales, Chantel</subfield>
        </datafield>
        <datafield tag="242" ind1="0" ind2="0">
            <subfield code="a">Victorian Femininity in Carmilla, by Sheridan Le Fanu</subfield>
        </datafield>
        <datafield tag="245" ind1="0" ind2="0">
            <subfield code="a">Victorian Femininity in Carmilla, by Sheridan Le Fanu</subfield>
        </datafield>
        <datafield tag="260" ind1=" " ind2=" ">
            <subfield code="a">Zaragoza</subfield>
            <subfield code="b">Universidad de Zaragoza</subfield>
            <subfield code="c">2018</subfield>
        </datafield>
        <datafield tag="506" ind1=" " ind2=" ">
            <subfield code="a">by-nc-sa</subfield>
            <subfield code="b">Creative Commons</subfield>
            <subfield code="c">3.0</subfield>
            <subfield code="u">http://creativecommons.org/licenses/by-nc-sa/3.0/</subfield>
        </datafield>
        <datafield tag="520" ind1=" " ind2=" ">
            <subfield code="a">In the Victorian period, women were relegated to the private sphere of the home and were frequently no more than house caretakers, since their main function was to take care of the house, husband and children. Furthermore, female sexuality was always unavoidably connected to reproduction. In this dissertation, my intention has been to delineate the profound changes in gender roles and the consideration of female sexuality that took place in the second half of the nineteenth century, particularly in the last three decades, a period known as le fin de siècle. These changes were brought about fundamentally by the rebellious attitude of middle- and upper-class women, who began to ask for the vote and for similar opportunities than men in the labour market. This type of independent and activist woman, who wanted to control her own life, came to be known as the New Woman, and was the object of praise as well as of hatred and scorn. Misogyny against the New Woman was often displaced onto the terrain of the supernatural, leading to the apparition of monstrously female artistic figures: Gorgons, Medusas, Harpies, witches, specters and vampires. It is within this context that this dissertation interprets Sheridan Le Fanu’s Carmilla, a text deeply informed by the gender and sexual discourses of Victorianism and of le fin de siècle.</subfield>
        </datafield>
        <datafield tag="521" ind1=" " ind2=" ">
            <subfield code="a">Graduado en Estudios Ingleses</subfield>
        </datafield>
        <datafield tag="540" ind1=" " ind2=" ">
            <subfield code="a">Derechos regulados por licencia Creative Commons</subfield>
        </datafield>
        <datafield tag="700" ind1=" " ind2=" ">
            <subfield code="a">del Río Álvaro, Constanza</subfield>
            <subfield code="e">dir.</subfield>
        </datafield>
        <datafield tag="710" ind1="2" ind2=" ">
            <subfield code="a">Universidad de Zaragoza</subfield>
            <subfield code="b">Filología Inglesa y Alemana</subfield>
            <subfield code="c"></subfield>
        </datafield>
        <datafield tag="856" ind1="0" ind2=" ">
            <subfield code="f">683218@celes.unizar.es</subfield>
        </datafield>
        <datafield tag="856" ind1="4" ind2=" ">
            <subfield code="s">315345</subfield>
            <subfield code="u">http://zaguan.unizar.es/record/75170/files/TAZ-TFG-2018-1651.pdf</subfield>
            <subfield code="y">Memoria (spa)</subfield>
        </datafield>
        <datafield tag="909" ind1="C" ind2="O">
            <subfield code="o">oai:zaguan.unizar.es:75170</subfield>
            <subfield code="p">driver</subfield>
            <subfield code="p">trabajos-fin-grado</subfield>
        </datafield>
        <datafield tag="950" ind1=" " ind2=" ">
            <subfield code="a"></subfield>
        </datafield>
        <datafield tag="951" ind1=" " ind2=" ">
            <subfield code="a">deposita:2018-09-27</subfield>
        </datafield>
        <datafield tag="980" ind1=" " ind2=" ">
            <subfield code="a">TAZ</subfield>
            <subfield code="b">TFG</subfield>
            <subfield code="c">FFYL</subfield>
        </datafield>
        <datafield tag="999" ind1=" " ind2=" ">
            <subfield code="a">20180620093922.CREATION_DATE</subfield>
        </datafield>
    </record>

    
</collection>